Los enigmas del azar (Record no. 3441)

MARC details
000 -LEADER
campo de control de longitud fija 01320cac a2200337 a 4500
003 - IDENTIFICADOR DE NÚMERO DE CONTROL
campo de control Co-PeBPM
005 - FECHA Y HORA DE LA ÚLTIMA TRANSACCIÓN
campo de control 20260224120246.0
007 - CAMPO FIJO DE DESCRIPCIÓN FÍSICA--INFORMACIÓN GENERAL
campo de control de longitud fija ta
008 - DATOS DE LONGITUD FIJA--INFORMACIÓN GENERAL
campo de control de longitud fija 181205s2018 ck a g 000 0 spa
020 ## - NÚMERO INTERNACIONAL ESTÁNDAR DEL LIBRO
Número Internacional Estándar del Libro 9789588879376
040 0# - FUENTE DE CATALOGACIÓN
Centro catalogador/agencia de origen Co-PeBPM
Lengua de catalogación spa
Normas de descripción rda
Centro/agencia transcriptor Co-PeBPM
041 ## - CÓDIGO DE IDIOMA
Código de lengua del texto/banda sonora o título independiente spa
082 04 - NÚMERO DE LA CLASIFICACIÓN DECIMAL DEWEY
Número de clasificación 519.5 V433e
Número de edición 22
100 1# - ENTRADA PRINCIPAL--NOMBRE DE PERSONA
Nombre de persona Velasco Sotomayor, Gabriel,
Fechas asociadas al nombre 1949-
9 (RLIN) 113295
Término indicativo de función/relación autor
245 14 - MENCIÓN DEL TÍTULO
Título Los enigmas del azar
Resto del título : Relatos sorprendentes sobre incertidumbre y probabilidad
Mención de responsabilidad, etc. / Gabriel Velasco Sotomayor
250 ## - MENCION DE EDICION
Mención de edición Edición especial
264 10 - PRODUCCIÓN, PUBLICACIÓN, DISTRIBUCIÓN, FABRICACIÓN Y COPYRIGHT
Producción, publicación, distribución, fabricación y copyright Bogotá, Colombia
Nombre del de productor, editor, distribuidor, fabricante : Limusa - Noriega Editores
Fecha de producción, publicación, distribución, fabricación o copyright , 2018
300 ## - DESCRIPCIÓN FÍSICA
Extensión 152 páginas
Otras características físicas : ilustraciones en blanco y negro, cuadros
Dimensiones ; 24 centímetros.
490 ## - MENCIÓN DE SERIE
Mención de serie Plan Nacional de Lectura y Escritura Leer es mi Cuento / Ministerio de Cultura
500 ## - NOTA GENERAL
Nota general Incluye índice.
521 ## - NOTA DE PÚBLICO DESTINATARIO
Nota de público destinatario Recomendado para público adulto
650 14 - PUNTO DE ACCESO ADICIONAL DE MATERIA--TÉRMINO DE MATERIA
Término de materia o nombre geográfico como elemento de entrada Coordenadas cartesianas
Fuente del encabezamiento o término LEMB
9 (RLIN) 114547
650 14 - PUNTO DE ACCESO ADICIONAL DE MATERIA--TÉRMINO DE MATERIA
Término de materia o nombre geográfico como elemento de entrada Enseñanza superior
Fuente del encabezamiento o término LEMB
650 14 - PUNTO DE ACCESO ADICIONAL DE MATERIA--TÉRMINO DE MATERIA
Término de materia o nombre geográfico como elemento de entrada Funciones
Fuente del encabezamiento o término LEMB
9 (RLIN) 114548
650 14 - PUNTO DE ACCESO ADICIONAL DE MATERIA--TÉRMINO DE MATERIA
Término de materia o nombre geográfico como elemento de entrada Geometría euclidiana
Fuente del encabezamiento o término LEMB
9 (RLIN) 114550
650 14 - PUNTO DE ACCESO ADICIONAL DE MATERIA--TÉRMINO DE MATERIA
Término de materia o nombre geográfico como elemento de entrada Matemáticas para ingenieros
Fuente del encabezamiento o término LEMB
9 (RLIN) 114552
650 14 - PUNTO DE ACCESO ADICIONAL DE MATERIA--TÉRMINO DE MATERIA
Término de materia o nombre geográfico como elemento de entrada Matemáticas recreativas
Fuente del encabezamiento o término LEMB
9 (RLIN) 114557
650 14 - PUNTO DE ACCESO ADICIONAL DE MATERIA--TÉRMINO DE MATERIA
Término de materia o nombre geográfico como elemento de entrada Trigonometría
Fuente del encabezamiento o término LEMB
9 (RLIN) 114553
942 ## - ELEMENTOS DE ENTRADA SECUNDARIOS (KOHA)
Fuente del sistema de clasificación o colocación Clasificación Decimal Dewey
Tipo de ítem Koha Libros
Holdings
Estatus retirado Estado de pérdida Fuente del sistema de clasificación o colocación Estado de daño No para préstamo Biblioteca de origen Biblioteca actual Fecha de adquisición Total de préstamos Signatura topográfica completa Código de barras Visto por última vez Fecha del último préstamo Copia número Precio de reemplazo Tipo de ítem Koha Colección Ubicación en estantería Fuente de adquisición
    Clasificación Decimal Dewey     BIBLIOTECA HUGO ANGEL JARAMILLO BIBLIOTECA HUGO ANGEL JARAMILLO 22/12/2023   519.5 V433e CUB04 - 0442 22/12/2023   Ej. 1 22/12/2023 Libros General Colección general Dotación MinCultura y BNC
    Clasificación Decimal Dewey     BIBLIOTECA PÚBLICA MUNICIPAL RAMON CORREA MEJIA BIBLIOTECA PÚBLICA MUNICIPAL RAMON CORREA MEJIA 17/09/2023 1 519.5 V433e 42326 24/06/2025 06/06/2025 Ej.1 17/09/2023 Libros      
    Clasificación Decimal Dewey     BIBLIOTECA SAN JOAQUIN BIBLIOTECA SAN JOAQUIN 27/11/2019   519.5 V433e 60708 27/11/2024   Ej.1 27/11/2024 Libros     Donación

Powered by Koha